Concursos y quiebras /
Guardado en:
| Formato: | Libro |
|---|---|
| Idioma: | Undetermined |
| Publicado: |
Ciudad Autónoma de Buenos Aires :
Erreius,
2023.
|
| Edición: | 1a. ed. |
| Series: | Separatas de legislación
|
| Materias: | |
| Etiquetas: |
Agregar Etiqueta
Sin Etiquetas, Sea el primero en etiquetar este registro!
|
| LEADER | 00565nam a22001815a 4500 | ||
|---|---|---|---|
| 001 | DER.der015114 | ||
| 008 | 250210s2023####xx############000#0#und#d | ||
| 005 | 20250210133839.0 | ||
| 245 | 1 | 0 | |a Concursos y quiebras / |c Argentina. |
| 250 | |a 1a. ed. | ||
| 260 | |a Ciudad Autónoma de Buenos Aires : |b Erreius, |c 2023. | ||
| 300 | |a 191 p. | ||
| 490 | 1 | |a Separatas de legislación | |
| 020 | |a 9789877934571 | ||
| 130 | 0 | |a Argentina - Leyes | |
| 650 | 7 | |a DERECHO CONCURSAL | |
| 859 | |a DERECHO |b BIB. DERECHO |h 346.078 |i ARG |p 0010521 | ||
| 859 | |a DERECHO |b BIB. DERECHO |h 346.078 |i ARG |p 0010522 |t 1 | ||
